| 000 | 00975nam a22003017a 4500 | ||
|---|---|---|---|
| 999 |
_c1040 _d1040 |
||
| 001 | 000194 | ||
| 003 | CoMeUDC000194 | ||
| 005 | 20190130155537.0 | ||
| 008 | 130821s1996 mx gr spa | ||
| 020 | _a9688806757 | ||
| 040 |
_aCo-BoUCM _bspa _cCoMeUDC |
||
| 041 | 0 | 0 | _aspa |
| 082 |
_a519.5 _bL39 6a. ed. |
||
| 100 | _aLevin, Richard I. | ||
| 245 | 0 | 0 |
_aEstadística para administradores _cRichard I. Levin, David S. Rubin ; traducción Angel Homero Flores Samaniego |
| 250 | _a6a. ed. | ||
| 260 |
_aMéxico D.F. (México) _bPrentice-Hall Hispanoamericana _c1996 |
||
| 300 | _a1018 páginas | ||
| 504 | _aIncluye índices | ||
| 650 | 0 | 4 |
_aEstadística matemática _914994 |
| 650 | 0 | 4 |
_aMatemáticas _9276 |
| 650 | 0 | 4 | _aMuestreo (Estadística) |
| 650 | 0 | 4 |
_aProbabilidades _922309 |
| 700 |
_aFlores Samaniego, Angel Homero. _eTr |
||
| 700 | _aRubin, David S | ||
| 765 | _tStatistics of management | ||
| 942 |
_cBK _2ddc _a14 _e6 _h519.5 _mL39 |
||